| 000 | 01010nam a2200277Ia 4500 | ||
|---|---|---|---|
| 003 | OSt | ||
| 005 | 20221005104241.0 | ||
| 006 | a|||||r|||| 00| 0 | ||
| 007 | ta | ||
| 008 | 221004b |||||||| |||| 00| 0 hin d | ||
| 020 |
_a9788123019352 (hbk) _cINR 195.00 |
||
| 024 | _a34176 | ||
| 037 |
_b068, 15/09/2017, Classic Book Service _cTextual |
||
| 040 |
_aCRL _cCRL _bhin |
||
| 041 |
_2hin _ahin |
||
| 082 | _aO152,3NBAx, Q5 | ||
| 100 | _aबरारा, सरिता, ले. | ||
| 245 | 0 | _aमिज़ोरम की लोक कथाएं | |
| 246 | _aMiज़oram kī lok kathāean | ||
| 260 |
_aदिल्ली _bप्रकाशन विभाग भारत _c2015 |
||
| 300 |
_a133पृ0 _ccm. |
||
| 650 | _a हिन्दी साहित्य | ||
| 650 | _aहिन्दी कहानी | ||
| 942 |
_hO152,3NBAx, Q5 _cTEXL _2cc |
||
| 999 |
_c1012152 _d1012152 |
||